书目信息 |
| 题名: |
美国与国际法
|
|
| 作者: | 贾尼斯 著 ;李明倩, 译 | |
| 分册: | ||
| 出版信息: | 上海 上海三联书店 2018 |
|
| 页数: | 304页 | |
| 开本: | 24cm | |
| 丛书名: | 法政文丛 | |
| 单 册: | ||
| 中图分类: | D990 | |
| 科图分类: | ||
| 主题词: | 国际法--guo ji fa--法制史--美国 | |
| 电子资源: | ||
| ISBN: | 978-7-5426-6118-0 | |
| 000 | 01472cam 2200313 450 | |
| 001 | 012001007546 | |
| 005 | 20131019174307.0 | |
| 010 | @a978-7-5426-6118-0@dCNY68.00 | |
| 099 | @aCAL 012018181406 | |
| 100 | @a20181123d2018 em y0chiy50 ea | |
| 101 | 1 | @achi@ceng |
| 102 | @aCN@b310000 | |
| 105 | @ay a 001yy | |
| 106 | @ar | |
| 200 | 1 | @a美国与国际法@Amei guo yu guo ji fa@e1776-1939@f(美) 马克·威斯顿·贾尼斯著@d= America and the law of nations@e1776-1939@fMark Weston Janis@g李明倩译@zeng |
| 210 | @a上海@c上海三联书店@d2018 | |
| 215 | @a304页@d24cm | |
| 225 | 2 | @a法政文丛@Afa zheng wen cong |
| 314 | @a马克·威斯顿·贾尼斯, 是美国康涅狄格大学法学院William F. Starr讲席教授。1947年出生于芝加哥, 毕业于普林斯顿大学。李明倩 (1984-) 华东政法大学法学博士,复旦大学政治学博士后 (在站)。 | |
| 320 | @a有书目和索引 | |
| 330 | @a本书是探析美国国际法观念形成和变化的经典之作, 由美国著名国际法学家马克·贾尼斯教授换写, 叙述了1776年到1939年间的美国国际法传统。贾尼斯教授以时间为线索, 在每一章中突出某个 (些) 推动或批评或反思国际法作用的人物, 试图连贯地呈现出合众国建国至二战爆发, 美国人参与国际法的过程。 | |
| 410 | 0 | @12001 @a法政文丛 |
| 500 | 10 | @aAmerica and the law of nations : 1776-1939@mChinese |
| 606 | 0 | @a国际法@Aguo ji fa@x法制史@y美国 |
| 690 | @aD990@v5 | |
| 701 | 1 | @a贾尼斯@Ajia ni si@g(Janis, Mark Weston),@f1947-@4著 |
| 702 | 0 | @a李明倩,@ALi Mingqian@f1984-@4译 |
| 801 | 0 | @aCN@b上海新华@c20191020 |
| 905 | @b1177033-6@dD990@e188@f4 | |
| 美国与国际法:1776-1939/(美) 马克·威斯顿·贾尼斯著= America and the law of nations:1776-1939/Mark Weston Janis/李明倩译.-上海:上海三联书店,2018 |
| 304页;24cm.-(法政文丛) |
| ISBN 978-7-5426-6118-0:CNY68.00 |
| 本书是探析美国国际法观念形成和变化的经典之作, 由美国著名国际法学家马克·贾尼斯教授换写, 叙述了1776年到1939年间的美国国际法传统。贾尼斯教授以时间为线索, 在每一章中突出某个 (些) 推动或批评或反思国际法作用的人物, 试图连贯地呈现出合众国建国至二战爆发, 美国人参与国际法的过程。 |
| ● |
| 相关链接 |
|
|
|
|
正题名:美国与国际法
索取号:D990/188
 
预约/预借
| 序号 | 登录号 | 条形码 | 馆藏地/架位号 | 状态 | 备注 |
| 1 | 1177033 | 211770332 | 第一样本阅览室/ [索取号:D990/188] | 在馆 | |
| 2 | 1177034 | 211770341 | 第一借阅区/ [索取号:D990/188] | 在馆 | |
| 3 | 1177035 | 211770350 | 第一借阅区/ [索取号:D990/188] | 在馆 | |
| 4 | 1177036 | 211770369 | 第一借阅区/ [索取号:D990/188] | 在馆 |